| 000 | 01009nam a2200253 i 4500 | ||
|---|---|---|---|
| 001 | 150519 | ||
| 003 | ES-MaACL | ||
| 005 | 20251002163223.0 | ||
| 007 | t| | ||
| 008 | 071031s1930 sp |||| |dspa d | ||
| 080 | _a929 Valera, Juan | ||
| 080 | _a929 Menéndez y Pelayo, Marcelino | ||
| 100 | 1 |
_aValera, Juan, _d1824-1905 _9112638 |
|
| 245 | 1 | 0 |
_aEpistolario de Valera y Menéndez Pelayo / _cpublicado con una introducción y notas por Miguel Artigas Ferrando y Pedro Sáinz y Rodríguez. |
| 260 |
_aMadrid : _bCompañía Ibero-Americana de Publicaciones, _c1930. |
||
| 300 |
_a253 p. ; _c21 cm. |
||
| 600 | 1 | 4 |
_aValera, Juan, _d1824-1905- _vCorrespondencia _9112640 |
| 600 | 1 | 0 |
_aMenéndez y Pelayo, Marcelino, _d1856-1912- _xCorrespondencia _9176606 |
| 700 | 1 |
_aMenéndez y Pelayo, Marcelino, _d1856-1912 _980332 |
|
| 700 | 1 |
_aArtigas Ferrando, Miguel, _d1887-1947 _923471 |
|
| 700 | 1 |
_aSainz Rodríguez, Pedro, _d1898-1986 _9101608 |
|
| 852 | 4 |
_aES-MaACL _jB-3989 |
|
| 999 |
_c150519 _d150519 |
||